| 000 | 00869nam a2200241Ia 4500 | ||
|---|---|---|---|
| 003 | GCL | ||
| 005 | 20240530095210.0 | ||
| 008 | 140319s9999 xx 000 0 ara d | ||
| 020 | _a7052552061 | ||
| 040 |
_aGCL / _cGCL |
||
| 082 | 0 | 4 |
_a953.0738 _bق/أ ت |
| 100 | 1 | _aابراهيم رزق الله ايوب | |
| 245 | 1 | 0 |
_aالتاريخ الفاطمى الاجتماعى / _cابراهيم رزق الله ايوب |
| 250 | _aالاولى | ||
| 260 |
_aبيروت : _bالشركة العالمية للكتاب ش م ل ، _c1997 |
||
| 300 |
_a301 ص ؛ _c24 سم |
||
| 650 | 0 | 4 | _aالدولة الفاطمية |
| 650 | 0 | 4 | _aالفاطميون |
| 650 | 0 | 4 | _aمصر - تاريخ - العصر الفاطمى ( 969-1171 م ) |
| 650 | 0 | 4 | _aمصر - الاحوال الاجتماعية |
| 650 | 0 | 4 | _aالحياة الاجتماعية - مصر |
| 942 |
_2ddc _cBK |
||
| 999 |
_c4870 _d4870 |
||